Państwa z ikonami zabytków na Mapach Google - Statystyki

Ogólne statystyki
  • Ten quiz został rozwiązany 16 razy
  • Średni wynik to 47 z 54
Statystyki odpowiedzi
Kontynent Liczba miast z ikonami Państwo % Poprawnych
Ameryka Południowa 1 Argentyna
100%
Oceania 2 Australia
100%
Europa 1 Austria
100%
Europa 2 Belgia
100%
Ameryka Południowa 4 Brazylia
100%
Azja 3 Chiny
100%
Europa 1 Dania
100%
Afryka 2 Egipt
100%
Europa 2 Francja
100%
Europa 2 Hiszpania
100%
Europa 1 Holandia
100%
Azja 6 Indie
100%
Azja 4 Japonia
100%
Ameryka Północna 2 Meksyk
100%
Europa 1 Norwegia
100%
Europa 2 Portugalia
100%
Europa 2 Rosja
100%
Ameryka Północna 10 Stany Zjednoczone
100%
Europa 1 Szwecja
100%
Europa 2 Wielka Brytania
100%
Europa 4 Włochy
100%
Ameryka Południowa 1 Chile
91%
Europa 1 Czechy
91%
Azja 1 Iran
91%
Ameryka Północna 3 Kanada
91%
Azja 1 Korea Południowa
91%
Europa 4 Niemcy
91%
Ameryka Południowa 2 Peru
91%
Europa 1 Polska
91%
Afryka 2 Republika Południowej Afryki
91%
Europa 1 Szwajcaria
91%
Europa 1 Ukraina
91%
Europa 1 Watykan
91%
Europa 1 Grecja
82%
Azja 2 Indonezja
82%
Ameryka Południowa 1 Kolumbia
82%
Europa 1 Rumunia
82%
Azja 2 Tajlandia
82%
Azja 1 Turcja
82%
Europa 1 Węgry
82%
Azja 1 Zjednoczone Emiraty Arabskie
82%
Azja 2 Arabia Saudyjska
73%
Europa 1 Chorwacja
73%
Azja 1 Pakistan
73%
Azja 2 Wietnam
73%
Azja 1 Kambodża
64%
Afryka 1 Kenia
64%
Azja 1 Malezja
64%
Afryka 1 Nigeria
64%
Azja 1 Singapur
64%
Azja 1 Filipiny
55%
Afryka 2 Maroko
55%
Azja 4 Tajwan
55%
Azja 1 Azerbejdżan
45%
Nie znaleziono quizów pasujących do podanych kryteriów
Rozkład punktacji
Procent ludzi z każdym wynikiem
Percentyl według liczby udzielonych odpowiedzi
Twoja historia wyników
Nie rozwiązałeś tego quizu